LEADER 01783nam a2200373 u 4500 001 000000002267 003 CaOOAMICUS 005 20161213111217.0 008 941010s1990 it u000 u ita u 020 $a8831191837 032 $aLibriCat 035 $a10056608 040 $aPUL(R)$bita 041 1 $aita$alat 100 0 $aBernardus,$cs., abate di Clairvaux,$d1091-1153.$0(OLS)http://pul/name/1611 240 10$aGruppi, scelte$9(Bernardus, s., abate di Clairvaux, 1091-1153).$lItaliano.$0(OLS)http://pul/title/3370 245 10$aSentenze e altri testi /$cSan Bernardo ; a cura di Ferruccio Gastaldelli. 260 $aMilano :$bScriptorium Claravallense :$bFondazione di studi cistercensi,$c1990. 300 $a841 p. ;$c25 cm 490 1 $aOpere di San Bernardo ;$v2 500 $aTesto latino con traduzione italiana a fronte. 700 1 $aGastaldelli, Ferruccio,$cS.D.B.,$d1927-$0(OLS)http://pul/name/2450 800 0 $aBernardus,$cs., abate di Clairvaux,$d1091-1153.$tOpere.$0(OLS)http://pul/nameTitle/14$0(OLS)http://pul/name/1611$0(OLS)http://pul/title/2170 830 0$aOpere di San Bernardo (Scriptorium claravellense) ;$v2.$0(OLS)http://pul/title/196985 850 $aPUL 852 $aPUL$W1$xSL Religione 1$y3$m77 G 1.2$j3007$nBK-PRI$qStampati$B3007$CPULBib$Z2$F3007 $H63621 $82 900 $aBernardo di Chiaravalle,$cs.,$d1091-1153$91611 900 $aBernardo di Chiaravalle,$cs.,$d1091-1153$91611 941 1 $a8 961 $aINV: 63261 996 $6020$a8831191837$9(OLS)http://pul/number/3029 996 $6245$aSentenze e altri testi$9(OLS)http://pul/title/3371 996 $6260$aMilano :$bScriptorium Claravallense :$bFondazione di studi cistercensi$9(OLS)http://pul/publisher/49246 LEADER 01382nam a2200325 a 4500 001 000000167984 003 CaOOAMICUS 005 20180604144803.0 008 180604s1995 it u000 u ita r 020 $a88-7285-089-4* 032 $aLibriCat 040 $aPUL$bita 100 1 $aIngrao, Pietro,$d1915-$0(OLS)http://pul/name/85920 245 10$aAppuntamenti di fine secolo / $cPietro Ingrao, Rossana Rossanda ; con saggi di M. Revelli, I. D. Mortellaro, K. S. Karol . 260 $aRoma :$bManifestolibri,$cİ1995. 300 $a284 p. ; $c21 cm. 490 1 $aTransizioni 650 4$aPolitica economica.$0(OLS)http://pul/subject/10570 700 1 $aRossanda, Rossana.$0(OLS)http://pul/name/23296 700 1 $aRevelli, Marco.$0(OLS)http://pul/name/34597 700 1 $aKarol, K. S.$0(OLS)http://pul/name/108175 700 1 $aMortellaro, Isidoro.$0(OLS)http://pul/name/108174 830 0$aTransizioni (Manifestolibri).$0(OLS)http://pul/title/208130 850 $aPUL 852 $aPUL$W1$xDP1 Fondo Dalla Palma$y117$m4 A 85$j163051$qFondi$B195799$CPULBib$Z2$F195799 $HDal83 $81 941 1 $a1 996 $6020$a88-7285-089-4*$9(OLS)http://pul/number/164246 996 $6245$aAppuntamenti di fine secolo / $9(OLS)http://pul/title/208129 996 $6260$aRoma :$bManifestolibri$9(OLS)http://pul/publisher/69781